Možnosti aplikácie metódy najmenších štvorcov vo fáze identifikácie Box-Jenkinsovej metodológie
Metódy najmenších štvorcov v procese vyhodnocovania časového radu a využitie korelogramu a autokorelačnej funkcie. Návrh aplikácie možností postupov prostredníctvom softvéru EViews a využitia modelov aj pri určovaní stacionárity, respektíve rádu integrácie časového radu a stanovovaní jednotlivých el...
Salvato in:
| Autore principale: | |
|---|---|
| Altri autori: | |
| Natura: | Capitolo di libro |
| Lingua: | slovacco |
| Soggetti: | |
| Tags: |
Nessun Tag, puoi essere il primo ad aggiungerne!!
|
MARC
| LEADER | 00000nla a2200000 4500 | ||
|---|---|---|---|
| 001 | 0180780 | ||
| 005 | 20240502073105.9 | ||
| 041 | 0 | |a slo | |
| 044 | |a SK | ||
| 245 | 1 | 0 | |a Možnosti aplikácie metódy najmenších štvorcov vo fáze identifikácie Box-Jenkinsovej metodológie |c Peter Horvát, Filip Ostrihoň |
| 520 | |a Metódy najmenších štvorcov v procese vyhodnocovania časového radu a využitie korelogramu a autokorelačnej funkcie. Návrh aplikácie možností postupov prostredníctvom softvéru EViews a využitia modelov aj pri určovaní stacionárity, respektíve rádu integrácie časového radu a stanovovaní jednotlivých elementov ARMA modelov. | ||
| 610 | 2 | 0 | |a metóda štvorcov najmenších |
| 610 | 2 | 0 | |a metodológia |
| 610 | 2 | 0 | |a odhad hodnoty |
| 610 | 2 | 0 | |a rady časové |
| 100 | 1 | |a Horvát, Peter | |
| 700 | 1 | |a Ostrihoň, Filip | |